[Event "DVM U14 2023"]
[Site "Magdeburg GER"]
[Date "2023.12.28"]
[Round "3"]
[White "Marinin, Georgii"]
[Black "Lu, Yunong Elias"]
[Result "1/2-1/2"]
[Termination "normal"]
[Board "5.2"]
[WhiteElo "1489"]
[BlackElo "1809"]
[WhiteClock "00:05:24"]
[BlackClock "00:13:29"]
[WhiteTeam "SV Stuttgart-Wolfbusch 1956"]
[BlackTeam "Hamburger SK 1830"]
[PlyCount "126"]
[WhiteFideId "34617140"]
[BlackFideId "16276426"]
[EventCountry "GER"]
[EventRounds "7"]
[EventType "team-swiss"]
[EventDate "2023.12.26"]

1. e4 {[%clk 01:30:58]} {[%emt 00:00:02]} e5 {[%clk 01:30:58]} {[%emt
00:00:02]} 2. Nf3 {[%clk 01:30:40]} {[%emt 00:00:49]} Nc6 {[%clk 01:31:20]}
{[%emt 00:00:07]} 3. Bb5 {[%clk 01:30:29]} {[%emt 00:00:41]} a6 {[%clk
01:31:39]} {[%emt 00:00:11]} 4. Ba4 {[%clk 01:30:51]} {[%emt 00:00:08]} Nf6
{[%clk 01:31:58]} {[%emt 00:00:11]} 5. O-O {[%clk 01:31:05]} {[%emt 00:00:16]}
Be7 {[%clk 01:32:22]} {[%emt 00:00:06]} 6. Re1 {[%clk 01:31:28]} {[%emt
00:00:08]} b5 {[%clk 01:32:09]} {[%emt 00:00:43]} 7. Bb3 {[%clk 01:31:52]}
{[%emt 00:00:06]} d6 {[%clk 01:32:19]} {[%emt 00:00:20]} 8. c3 {[%clk
01:32:16]} {[%emt 00:00:05]} O-O {[%clk 01:32:43]} {[%emt 00:00:06]} 9. h3
{[%clk 01:32:40]} {[%emt 00:00:06]} Nb8 {[%clk 01:33:08]} {[%emt 00:00:04]} 10.
d4 {[%clk 01:31:25]} {[%emt 00:01:45]} Nbd7 {[%clk 01:33:31]} {[%emt 00:00:07]}
11. a4 {[%clk 01:30:29]} {[%emt 00:01:26]} Bb7 {[%clk 01:33:29]} {[%emt
00:00:32]} 12. Bc2 {[%clk 01:29:45]} {[%emt 00:01:13]} Re8 {[%clk 01:33:28]}
{[%emt 00:00:31]} 13. Nbd2 {[%clk 01:27:59]} {[%emt 00:02:16]} Bf8 {[%clk
01:33:15]} {[%emt 00:00:43]} 14. d5 {[%clk 01:20:23]} {[%emt 00:08:07]} c6
{[%clk 01:26:37]} {[%emt 00:07:08]} 15. dxc6 {[%clk 01:16:58]} {[%emt
00:03:55]} Bxc6 {[%clk 01:26:51]} {[%emt 00:00:15]} 16. Nf1 {[%clk 01:14:27]}
{[%emt 00:03:02]} d5 {[%clk 00:56:56]} {[%emt 00:30:25]} 17. Bg5 {[%clk
00:58:27]} {[%emt 00:16:29]} dxe4 {[%clk 00:55:35]} {[%emt 00:01:51]} 18. Bxe4
{[%clk 00:57:00]} {[%emt 00:01:57]} Bxe4 {[%clk 00:55:54]} {[%emt 00:00:11]}
19. Rxe4 {[%clk 00:57:19]} {[%emt 00:00:11]} Qc7 {[%clk 00:56:20]} {[%emt
00:00:05]} 20. Re2 {[%clk 00:53:26]} {[%emt 00:04:23]} h6 {[%clk 00:53:20]}
{[%emt 00:03:30]} 21. Bh4 {[%clk 00:49:22]} {[%emt 00:04:34]} Nh5 {[%clk
00:50:31]} {[%emt 00:03:19]} 22. Bg3 {[%clk 00:48:53]} {[%emt 00:00:59]} Nxg3
{[%clk 00:49:22]} {[%emt 00:01:39]} 23. Nxg3 {[%clk 00:49:16]} {[%emt
00:00:07]} Rad8 {[%clk 00:49:14]} {[%emt 00:00:38]} 24. Qc2 {[%clk 00:48:59]}
{[%emt 00:00:47]} Nb6 {[%clk 00:47:00]} {[%emt 00:02:45]} 25. axb5 {[%clk
00:47:24]} {[%emt 00:02:06]} axb5 {[%clk 00:47:22]} {[%emt 00:00:08]} 26. Qb3
{[%clk 00:47:21]} {[%emt 00:00:32]} Rd5 {[%clk 00:34:08]} {[%emt 00:13:44]} 27.
Nf1 {[%clk 00:32:18]} {[%emt 00:15:34]} Nc4 {[%clk 00:31:35]} {[%emt 00:03:03]}
28. Ne3 {[%clk 00:26:41]} {[%emt 00:06:06]} Nxe3 {[%clk 00:28:56]} {[%emt
00:03:09]} 29. Rxe3 {[%clk 00:27:02]} {[%emt 00:00:09]} Qc5 {[%clk 00:24:26]}
{[%emt 00:05:00]} 30. Ra5 {[%clk 00:16:12]} {[%emt 00:11:21]} Red8 {[%clk
00:22:59]} {[%emt 00:01:58]} 31. Re1 {[%clk 00:14:51]} {[%emt 00:01:50]} Qb6
{[%clk 00:22:34]} {[%emt 00:00:55]} 32. Raa1 {[%clk 00:14:42]} {[%emt
00:00:38]} Qb8 {[%clk 00:18:49]} {[%emt 00:04:07]} 33. Rad1 {[%clk 00:13:26]}
{[%emt 00:01:55]} Rxd1 {[%clk 00:13:59]} {[%emt 00:05:20]} 34. Rxd1 {[%clk
00:12:41]} {[%emt 00:01:15]} Rxd1+ {[%clk 00:12:52]} {[%emt 00:01:37]} 35. Qxd1
{[%clk 00:13:02]} {[%emt 00:00:08]} e4 {[%clk 00:12:50]} {[%emt 00:00:32]} 36.
Nd4 {[%clk 00:12:24]} {[%emt 00:01:08]} Qe5 {[%clk 00:13:11]} {[%emt 00:00:09]}
37. Qe2 {[%clk 00:10:06]} {[%emt 00:02:49]} b4 {[%clk 00:13:09]} {[%emt
00:00:32]} 38. Nc6 {[%clk 00:09:30]} {[%emt 00:01:05]} Qf4 {[%clk 00:10:42]}
{[%emt 00:02:55]} 39. Nxb4 {[%clk 00:09:08]} {[%emt 00:00:55]} Bxb4 {[%clk
00:09:37]} {[%emt 00:01:35]} 40. cxb4 {[%clk 00:09:30]} {[%emt 00:00:08]} Qc1+
{[%clk 00:09:49]} {[%emt 00:00:17]} 41. Kh2 {[%clk 00:09:50]} {[%emt 00:00:10]}
Qc7+ {[%clk 00:09:58]} {[%emt 00:00:21]} 42. g3 {[%clk 00:10:03]} {[%emt
00:00:18]} Qb7 {[%clk 00:08:30]} {[%emt 00:01:58]} 43. b5 {[%clk 00:10:23]}
{[%emt 00:00:11]} Qb6 {[%clk 00:04:06]} {[%emt 00:04:54]} 44. b4 {[%clk
00:04:45]} {[%emt 00:06:08]} Qd4 {[%clk 00:00:50]} {[%emt 00:03:46]} 45. Qe1
{[%clk 00:01:38]} {[%emt 00:03:36]} f5 {[%clk 00:27:01]} {[%emt 00:04:20]} 46.
Qe3 {[%clk 00:15:53]} {[%emt 00:16:15]} Qxb4 {[%clk 00:27:14]} {[%emt
00:00:17]} 47. b6 {[%clk 00:16:21]} {[%emt 00:00:02]} Kf7 {[%clk 00:26:46]}
{[%emt 00:00:57]} 48. g4 {[%clk 00:15:50]} {[%emt 00:01:01]} Ke6 {[%clk
00:24:38]} {[%emt 00:02:38]} 49. Qf4 {[%clk 00:12:22]} {[%emt 00:03:59]} Qxb6
{[%clk 00:20:40]} {[%emt 00:04:28]} 50. Qxf5+ {[%clk 00:12:38]} {[%emt
00:00:13]} Ke7 {[%clk 00:20:10]} {[%emt 00:01:00]} 51. Qxe4+ {[%clk 00:12:52]}
{[%emt 00:00:16]} Kf7 {[%clk 00:19:40]} {[%emt 00:00:57]} 52. Kg3 {[%clk
00:12:04]} {[%emt 00:01:22]} g5 {[%clk 00:18:42]} {[%emt 00:01:28]} 53. Qh7+
{[%clk 00:11:11]} {[%emt 00:01:23]} Kf8 {[%clk 00:19:06]} {[%emt 00:00:06]} 54.
Qf5+ {[%clk 00:11:35]} {[%emt 00:00:06]} Kg7 {[%clk 00:19:30]} {[%emt
00:00:05]} 55. Qe5+ {[%clk 00:10:53]} {[%emt 00:01:13]} Kf7 {[%clk 00:19:01]}
{[%emt 00:00:58]} 56. Qe3 {[%clk 00:10:39]} {[%emt 00:00:45]} Qd6+ {[%clk
00:17:55]} {[%emt 00:01:35]} 57. f4 {[%clk 00:10:42]} {[%emt 00:00:27]} Qxf4+
{[%clk 00:12:50]} {[%emt 00:05:35]} 58. Qxf4+ {[%clk 00:10:59]} {[%emt
00:00:13]} gxf4+ {[%clk 00:13:15]} {[%emt 00:00:05]} 59. Kxf4 {[%clk 00:11:18]}
{[%emt 00:00:11]} Kg6 {[%clk 00:13:43]} {[%emt 00:00:02]} 60. h4 {[%clk
00:07:59]} {[%emt 00:03:49]} Kf6 {[%clk 00:14:06]} {[%emt 00:00:07]} 61. Kf3
{[%clk 00:06:59]} {[%emt 00:01:30]} Kf7 {[%clk 00:13:22]} {[%emt 00:01:13]} 62.
h5 {[%clk 00:06:17]} {[%emt 00:01:13]} Kf6 {[%clk 00:13:08]} {[%emt 00:00:45]}
63. Kf4 {[%clk 00:05:24]} {[%emt 00:01:23]} Ke6 {[%clk 00:13:29]} {[%emt
00:00:09]} 1/2-1/2

[Event "DVM U14 2023"]
[Site "Magdeburg GER"]
[Date "2023.12.28"]
[Round "3"]
[White "Dorendorf, Mika"]
[Black "Friedrich, Timofej"]
[Result "1-0"]
[Termination "normal"]
[Board "5.3"]
[WhiteElo "1698"]
[BlackElo "1474"]
[WhiteClock "01:27:13"]
[BlackClock "00:16:09"]
[WhiteTeam "Hamburger SK 1830"]
[BlackTeam "SV Stuttgart-Wolfbusch 1956"]
[PlyCount "118"]
[WhiteFideId "16283066"]
[BlackFideId "34617191"]
[EventCountry "GER"]
[EventRounds "7"]
[EventType "team-swiss"]
[EventDate "2023.12.26"]

1. d4 {[%clk 01:30:58]} {[%emt 00:00:01]} d5 {[%clk 01:30:41]} {[%emt
00:00:19]} 2. c4 {[%clk 01:29:36]} {[%emt 00:01:52]} e6 {[%clk 01:30:31]}
{[%emt 00:00:40]} 3. Nc3 {[%clk 01:29:59]} {[%emt 00:00:07]} Nf6 {[%clk
01:30:29]} {[%emt 00:00:32]} 4. cxd5 {[%clk 01:30:24]} {[%emt 00:00:05]} exd5
{[%clk 01:30:33]} {[%emt 00:00:25]} 5. Bg5 {[%clk 01:28:49]} {[%emt 00:02:06]}
Be7 {[%clk 01:30:03]} {[%emt 00:01:00]} 6. Qc2 {[%clk 01:28:40]} {[%emt
00:00:39]} c6 {[%clk 01:26:48]} {[%emt 00:03:45]} 7. e3 {[%clk 01:26:34]}
{[%emt 00:02:36]} h6 {[%clk 01:25:05]} {[%emt 00:02:13]} 8. Bh4 {[%clk
01:27:00]} {[%emt 00:00:04]} O-O {[%clk 01:23:21]} {[%emt 00:02:14]} 9. Bd3
{[%clk 01:27:24]} {[%emt 00:00:06]} Nh5 {[%clk 01:22:34]} {[%emt 00:01:17]} 10.
Bxe7 {[%clk 01:26:16]} {[%emt 00:01:38]} Qxe7 {[%clk 01:22:52]} {[%emt
00:00:12]} 11. Nf3 {[%clk 01:26:23]} {[%emt 00:00:24]} Kh8 {[%clk 01:14:48]}
{[%emt 00:08:33]} 12. O-O {[%clk 01:23:35]} {[%emt 00:03:17]} Be6 {[%clk
01:10:46]} {[%emt 00:04:32]} 13. Rab1 {[%clk 01:19:57]} {[%emt 00:04:09]} Nd7
{[%clk 01:09:50]} {[%emt 00:01:26]} 14. b4 {[%clk 01:19:53]} {[%emt 00:00:34]}
a6 {[%clk 01:05:06]} {[%emt 00:05:13]} 15. a4 {[%clk 01:19:18]} {[%emt
00:01:05]} b5 {[%clk 01:04:16]} {[%emt 00:01:20]} 16. a5 {[%clk 01:19:02]}
{[%emt 00:00:46]} f5 {[%clk 01:02:38]} {[%emt 00:02:08]} 17. Ne2 {[%clk
01:16:44]} {[%emt 00:02:48]} g6 {[%clk 00:50:05]} {[%emt 00:13:03]} 18. Nf4
{[%clk 01:15:15]} {[%emt 00:01:58]} Nxf4 {[%emt 00:01:45]} 19. exf4 {[%clk
01:15:39]} {[%emt 00:00:04]} Qd6 {[%clk 00:47:33]} {[%emt 00:01:50]} 20. Ne5
{[%clk 01:16:00]} {[%emt 00:00:09]} Nxe5 {[%clk 00:47:49]} {[%emt 00:00:14]}
21. fxe5 {[%clk 01:16:07]} {[%emt 00:00:23]} Qd7 {[%clk 00:46:32]} {[%emt
00:01:46]} 22. Rfc1 {[%clk 01:15:57]} {[%emt 00:00:40]} Rfc8 {[%clk 00:42:06]}
{[%emt 00:04:55]} 23. f4 {[%clk 01:14:10]} {[%emt 00:02:18]} Qe7 {[%clk
00:39:52]} {[%emt 00:02:43]} 24. Qc5 {[%clk 01:12:16]} {[%emt 00:02:24]} Qxc5
{[%clk 00:38:25]} {[%emt 00:01:57]} 25. Rxc5 {[%clk 01:12:34]} {[%emt
00:00:12]} Ra7 {[%clk 00:36:57]} {[%emt 00:01:57]} 26. Rbc1 {[%clk 01:12:47]}
{[%emt 00:00:18]} Rac7 {[%clk 00:37:00]} {[%emt 00:00:27]} 27. Kf2 {[%clk
01:12:15]} {[%emt 00:01:03]} h5 {[%clk 00:36:01]} {[%emt 00:01:30]} 28. h3
{[%clk 01:12:05]} {[%emt 00:00:40]} Kg7 {[%clk 00:35:18]} {[%emt 00:01:13]} 29.
Be2 {[%clk 01:11:42]} {[%emt 00:00:53]} h4 {[%clk 00:29:28]} {[%emt 00:06:20]}
30. Bf3 {[%clk 01:10:46]} {[%emt 00:01:25]} Kf7 {[%clk 00:26:03]} {[%emt
00:03:56]} 31. g3 {[%clk 01:10:04]} {[%emt 00:01:12]} hxg3+ {[%clk 00:24:56]}
{[%emt 00:01:36]} 32. Kxg3 {[%clk 01:10:30]} {[%emt 00:00:04]} Ke7 {[%clk
00:21:50]} {[%emt 00:03:36]} 33. Kh2 {[%clk 01:09:24]} {[%emt 00:01:37]} Kd7
{[%clk 00:21:21]} {[%emt 00:00:58]} 34. Rg1 {[%clk 01:09:44]} {[%emt 00:00:10]}
Rg8 {[%clk 00:21:09]} {[%emt 00:00:41]} 35. Rc2 {[%clk 01:09:54]} {[%emt
00:00:21]} Rcc8 {[%clk 00:15:43]} {[%emt 00:05:56]} 36. Rcg2 {[%clk 01:08:43]}
{[%emt 00:01:41]} Bf7 {[%clk 00:15:48]} {[%emt 00:00:25]} 37. h4 {[%clk
01:08:31]} {[%emt 00:00:41]} Ke6 {[%clk 00:13:13]} {[%emt 00:03:05]} 38. Rg5
{[%clk 01:07:24]} {[%emt 00:01:38]} Rcd8 {[%clk 00:10:19]} {[%emt 00:03:24]}
39. R1g3 {[%clk 01:05:38]} {[%emt 00:02:15]} Rh8 {[%clk 00:05:25]} {[%emt
00:05:24]} 40. Rh3 {[%clk 01:04:45]} {[%emt 00:01:23]} Rh7 {[%clk 00:05:03]}
{[%emt 00:00:53]} 41. Kg3 {[%clk 01:04:35]} {[%emt 00:00:40]} Rdh8 {[%clk
00:04:43]} {[%emt 00:00:50]} 42. Be2 {[%clk 01:01:40]} {[%emt 00:03:25]} Be8
{[%clk 00:00:43]} {[%emt 00:04:29]} 43. Rh2 {[%clk 01:00:49]} {[%emt 00:01:21]}
Bf7 {[%clk 00:29:52]} {[%emt 00:01:22]} 44. Rh1 {[%clk 01:28:42]} {[%emt
00:02:37]} Be8 {[%clk 00:29:53]} {[%emt 00:00:29]} 45. Rh2 {[%clk 01:27:21]}
{[%emt 00:01:51]} Bf7 {[%clk 00:30:10]} {[%emt 00:00:13]} 46. h5 {[%clk
01:27:39]} {[%emt 00:00:12]} gxh5 {[%clk 00:29:44]} {[%emt 00:00:56]} 47. Bd3
{[%clk 01:27:58]} {[%emt 00:00:11]} h4+ {[%clk 00:25:54]} {[%emt 00:04:20]} 48.
Kh3 {[%clk 01:27:56]} {[%emt 00:00:31]} Ke7 {[%clk 00:25:14]} {[%emt 00:01:10]}
49. Bxf5 {[%clk 01:28:12]} {[%emt 00:00:15]} Be6 {[%clk 00:25:17]} {[%emt
00:00:27]} 50. Bxe6 {[%clk 01:28:33]} {[%emt 00:00:09]} Kxe6 {[%clk 00:25:41]}
{[%emt 00:00:06]} 51. f5+ {[%clk 01:29:01]} {[%emt 00:00:03]} Kf7 {[%clk
00:25:28]} {[%emt 00:00:43]} 52. Rhg2 {[%clk 01:29:16]} {[%emt 00:00:15]} Rf8
{[%clk 00:22:22]} {[%emt 00:03:35]} 53. Rg6 {[%clk 01:28:34]} {[%emt 00:01:12]}
Rh5 {[%clk 00:22:00]} {[%emt 00:00:53]} 54. Rg7+ {[%clk 01:25:38]} {[%emt
00:03:26]} Ke8 {[%clk 00:22:05]} {[%emt 00:00:25]} 55. f6 {[%clk 01:25:48]}
{[%emt 00:00:20]} Rf5 {[%clk 00:19:55]} {[%emt 00:02:39]} 56. Ra7 {[%clk
01:26:05]} {[%emt 00:00:14]} Rf3+ {[%clk 00:18:11]} {[%emt 00:02:14]} 57. Kh2
{[%clk 01:26:23]} {[%emt 00:00:12]} Rg3 {[%clk 00:18:13]} {[%emt 00:00:28]} 58.
Ra8+ {[%clk 01:26:47]} {[%emt 00:00:06]} Kf7 {[%clk 00:18:26]} {[%emt
00:00:17]} 59. e6+ {[%clk 01:27:13]} {[%emt 00:00:04]} Kxe6 {[%clk 00:16:09]}
{[%emt 00:02:47]} 1-0

[Event "DVM U14 2023"]
[Site "Magdeburg GER"]
[Date "2023.12.28"]
[Round "3"]
[White "Schmidt, Jan"]
[Black "Borgert, Alexander"]
[Result "1/2-1/2"]
[Termination "normal"]
[Board "5.4"]
[WhiteElo "1416"]
[BlackElo "1509"]
[WhiteClock "00:20:41"]
[BlackClock "00:57:53"]
[WhiteTeam "SV Stuttgart-Wolfbusch 1956"]
[BlackTeam "Hamburger SK 1830"]
[PlyCount "76"]
[WhiteFideId "34625682"]
[BlackFideId "16289188"]
[EventCountry "GER"]
[EventRounds "7"]
[EventType "team-swiss"]
[EventDate "2023.12.26"]

1. e4 {[%clk 01:30:59]} c5 {[%clk 01:30:52]} {[%emt 00:00:08]} 2. Nc3 {[%clk
01:31:24]} {[%emt 00:00:06]} Nc6 {[%clk 01:31:14]} {[%emt 00:00:08]} 3. Nge2
{[%clk 01:31:40]} {[%emt 00:00:13]} d6 {[%clk 01:31:08]} {[%emt 00:00:37]} 4.
g3 {[%clk 01:31:43]} {[%emt 00:00:23]} Nf6 {[%clk 01:31:23]} {[%emt 00:00:18]}
5. Bg2 {[%clk 01:31:42]} {[%emt 00:00:31]} g6 {[%clk 01:31:31]} {[%emt
00:00:23]} 6. O-O {[%clk 01:31:47]} {[%emt 00:00:26]} Bg7 {[%clk 01:31:43]}
{[%emt 00:00:18]} 7. d3 {[%clk 01:30:01]} {[%emt 00:02:15]} O-O {[%clk
01:31:19]} {[%emt 00:00:54]} 8. a4 {[%clk 01:30:01]} {[%emt 00:00:31]} a6
{[%clk 01:30:52]} {[%emt 00:00:56]} 9. Nd5 {[%clk 01:29:46]} {[%emt 00:00:46]}
Nxd5 {[%clk 01:26:16]} {[%emt 00:05:07]} 10. exd5 {[%clk 01:29:53]} {[%emt
00:00:22]} Ne5 {[%clk 01:23:33]} {[%emt 00:03:12]} 11. h3 {[%clk 01:25:26]}
{[%emt 00:04:58]} Rb8 {[%clk 01:19:18]} {[%emt 00:04:45]} 12. c3 {[%clk
01:21:00]} {[%emt 00:04:52]} Nd7 {[%clk 01:14:30]} {[%emt 00:05:22]} 13. Be3
{[%clk 01:19:25]} {[%emt 00:02:03]} Nf6 {[%clk 01:14:22]} {[%emt 00:00:39]} 14.
d4 {[%clk 01:19:14]} {[%emt 00:00:39]} cxd4 {[%clk 01:11:48]} {[%emt 00:03:07]}
15. Bxd4 {[%clk 01:15:41]} {[%emt 00:04:02]} Nh5 {[%clk 01:10:04]} {[%emt
00:02:13]} 16. Bxg7 {[%clk 01:14:44]} {[%emt 00:01:27]} Nxg7 {[%clk 01:09:49]}
{[%emt 00:00:45]} 17. g4 {[%clk 01:07:26]} {[%emt 00:07:48]} b6 {[%clk
01:08:43]} {[%emt 00:01:36]} 18. Nd4 {[%clk 01:07:01]} {[%emt 00:00:55]} Bb7
{[%clk 01:08:17]} {[%emt 00:00:56]} 19. Re1 {[%clk 01:03:54]} {[%emt 00:03:37]}
Qd7 {[%clk 01:07:35]} {[%emt 00:01:11]} 20. Qe2 {[%clk 01:01:57]} {[%emt
00:02:27]} Rfe8 {[%clk 01:07:31]} {[%emt 00:00:30]} 21. Nc6 {[%clk 00:50:29]}
{[%emt 00:12:02]} Bxc6 {[%clk 01:05:34]} {[%emt 00:02:26]} 22. dxc6 {[%clk
00:49:50]} {[%emt 00:01:10]} Qa7 {[%clk 01:05:17]} {[%emt 00:00:46]} 23. b4
{[%clk 00:49:03]} {[%emt 00:01:17]} Ne6 {[%clk 01:04:21]} {[%emt 00:01:27]} 24.
Qc4 {[%clk 00:45:12]} {[%emt 00:04:21]} b5 {[%clk 01:00:32]} {[%emt 00:04:19]}
25. axb5 {[%clk 00:44:42]} {[%emt 00:01:00]} axb5 {[%clk 01:00:35]} {[%emt
00:00:27]} 26. Rxa7 {[%clk 00:42:48]} {[%emt 00:02:24]} bxc4 {[%emt 00:03:14]}
27. Re4 {[%clk 00:39:49]} d5 {[%clk 01:01:14]} {[%emt 00:00:35]} 28. Re3 {[%clk
00:35:09]} {[%emt 00:05:10]} d4 {[%clk 00:58:33]} {[%emt 00:03:10]} 29. cxd4
{[%clk 00:32:38]} {[%emt 00:03:03]} Nxd4 {[%clk 00:58:51]} {[%emt 00:00:12]}
30. Raxe7 {[%clk 00:31:49]} {[%emt 00:01:19]} Rxe7 {[%clk 00:58:22]} {[%emt
00:01:00]} 31. Rxe7 {[%clk 00:31:34]} {[%emt 00:00:44]} c3 {[%clk 00:58:35]}
{[%emt 00:00:16]} 32. Be4 {[%clk 00:25:24]} {[%emt 00:06:30]} c2 {[%clk
00:58:39]} {[%emt 00:00:36]} 33. Bxc2 {[%clk 00:24:58]} {[%emt 00:00:57]} Nxc6
{[%clk 00:58:57]} {[%emt 00:00:12]} 34. Rc7 {[%clk 00:24:57]} {[%emt 00:00:31]}
Nxb4 {[%clk 00:59:02]} {[%emt 00:00:25]} 35. Bb3 {[%clk 00:24:17]} {[%emt
00:01:11]} Rf8 {[%clk 00:59:18]} {[%emt 00:00:13]} 36. Rb7 {[%clk 00:22:28]}
{[%emt 00:02:19]} Nd3 {[%clk 00:59:11]} {[%emt 00:00:36]} 37. Bc4 {[%clk
00:21:36]} {[%emt 00:01:23]} Ne5 {[%clk 00:58:41]} {[%emt 00:01:00]} 38. Bb3
{[%clk 00:20:41]} {[%emt 00:01:23]} Nd3 {[%clk 00:57:53]} {[%emt 00:01:20]}
1/2-1/2

[Event "DVM U14 2023"]
[Site "Magdeburg GER"]
[Date "2023.12.28"]
[Round "3"]
[White "Li, Hewei"]
[Black "Schwitkowski, Luka"]
[Result "0-1"]
[Termination "normal"]
[Board "6.1"]
[WhiteElo "1838"]
[BlackElo "1817"]
[WhiteClock "00:05:19"]
[BlackClock "00:26:52"]
[WhiteTeam "Düsseldorfer SK 14/25"]
[BlackTeam "SV Erkenschwick 1923"]
[PlyCount "79"]
[WhiteFideId "34619763"]
[BlackFideId "34610669"]
[EventCountry "GER"]
[EventRounds "7"]
[EventType "team-swiss"]
[EventDate "2023.12.26"]

1. Nf3 {[%clk 01:30:20]} {[%emt 00:00:40]} Nf6 {[%clk 01:30:49]} {[%emt
00:00:10]} 2. g3 {[%clk 01:30:45]} {[%emt 00:00:06]} d5 {[%clk 01:30:57]}
{[%emt 00:00:21]} 3. Bg2 {[%clk 01:31:08]} {[%emt 00:00:07]} Nbd7 {[%clk
01:29:18]} {[%emt 00:02:10]} 4. d4 {[%clk 01:31:36]} {[%emt 00:00:02]} Nb6
{[%clk 01:29:27]} {[%emt 00:00:21]} 5. O-O {[%clk 01:31:57]} {[%emt 00:00:10]}
e6 {[%clk 01:23:36]} {[%emt 00:06:21]} 6. b3 {[%clk 01:30:53]} {[%emt
00:01:34]} Be7 {[%clk 01:19:14]} {[%emt 00:04:39]} 7. c4 {[%clk 01:29:42]}
{[%emt 00:01:53]} dxc4 {[%clk 01:17:54]} {[%emt 00:01:49]} 8. bxc4 {[%clk
01:30:10]} {[%emt 00:00:03]} c5 {[%clk 01:18:10]} {[%emt 00:00:13]} 9. Ba3
{[%clk 01:18:49]} {[%emt 00:11:52]} Nfd7 {[%clk 00:54:15]} {[%emt 00:24:25]}
10. Qc1 {[%clk 01:04:38]} {[%emt 00:14:42]} O-O {[%clk 00:53:08]} {[%emt
00:01:36]} 11. Rd1 {[%clk 00:59:34]} {[%emt 00:05:36]} Qc7 {[%clk 00:52:51]}
{[%emt 00:00:46]} 12. e4 {[%clk 00:56:12]} {[%emt 00:03:53]} Re8 {[%clk
00:51:57]} {[%emt 00:01:23]} 13. Nbd2 {[%clk 00:45:19]} {[%emt 00:11:23]} cxd4
{[%clk 00:38:46]} {[%emt 00:13:42]} 14. Bxe7 {[%clk 00:45:13]} {[%emt
00:00:36]} Rxe7 {[%clk 00:39:09]} {[%emt 00:00:07]} 15. Nxd4 {[%clk 00:43:59]}
{[%emt 00:01:44]} a6 {[%clk 00:35:06]} {[%emt 00:04:33]} 16. a4 {[%clk
00:41:49]} {[%emt 00:02:41]} Nc5 {[%clk 00:31:44]} {[%emt 00:03:51]} 17. a5
{[%clk 00:41:15]} {[%emt 00:01:05]} Nbd7 {[%clk 00:32:09]} {[%emt 00:00:05]}
18. N2b3 {[%clk 00:41:08]} {[%emt 00:00:36]} Nxb3 19. Nxb3 Nf8 {[%clk
00:31:40]} {[%emt 00:00:13]} 20. c5 {[%clk 00:39:02]} {[%emt 00:03:06]} Bd7
{[%clk 00:31:50]} {[%emt 00:00:20]} 21. Rd6 {[%clk 00:29:36]} {[%emt 00:09:57]}
e5 {[%clk 00:30:10]} {[%emt 00:02:08]} 22. Bf1 {[%clk 00:23:07]} {[%emt
00:06:59]} Bc6 {[%clk 00:28:08]} {[%emt 00:02:30]} 23. f3 {[%clk 00:21:28]}
{[%emt 00:02:12]} Rd7 {[%clk 00:28:33]} {[%emt 00:00:02]} 24. Qd2 {[%clk
00:20:11]} {[%emt 00:01:49]} Rad8 {[%clk 00:28:53]} {[%emt 00:00:09]} 25. Rd1
{[%clk 00:20:32]} {[%emt 00:00:09]} Ne6 {[%clk 00:29:13]} {[%emt 00:00:10]} 26.
Bc4 {[%clk 00:19:16]} {[%emt 00:01:46]} Nxc5 {[%clk 00:27:29]} {[%emt
00:02:14]} 27. Rxd7 {[%clk 00:16:55]} {[%emt 00:02:51]} Rxd7 {[%clk 00:27:45]}
{[%emt 00:00:14]} 28. Qe1 {[%clk 00:15:41]} {[%emt 00:01:45]} Nxb3 {[%clk
00:27:22]} {[%emt 00:00:52]} 29. Rxd7 {[%clk 00:15:23]} {[%emt 00:00:48]} Bxd7
{[%clk 00:27:02]} {[%emt 00:00:49]} 30. Bxb3 {[%clk 00:15:46]} {[%emt
00:00:08]} g6 {[%clk 00:27:13]} {[%emt 00:00:18]} 31. Bd5 {[%clk 00:14:49]}
{[%emt 00:01:28]} Bb5 {[%clk 00:27:12]} {[%emt 00:00:31]} 32. Qd2 {[%clk
00:14:05]} {[%emt 00:01:14]} Kg7 {[%clk 00:27:17]} {[%emt 00:00:24]} 33. h4
{[%clk 00:13:38]} {[%emt 00:00:58]} h5 {[%clk 00:27:22]} {[%emt 00:00:25]} 34.
Kh2 {[%clk 00:13:46]} {[%emt 00:00:22]} b6 {[%clk 00:27:01]} {[%emt 00:00:51]}
35. axb6 {[%clk 00:13:57]} {[%emt 00:00:20]} Qxb6 {[%clk 00:27:28]} {[%emt
00:00:02]} 36. Qb2 {[%clk 00:13:51]} {[%emt 00:00:35]} f6 {[%clk 00:27:07]}
{[%emt 00:00:52]} 37. Qa2 {[%clk 00:13:18]} {[%emt 00:01:03]} Qe3 {[%clk
00:26:35]} {[%emt 00:00:57]} 38. Qc2 {[%clk 00:06:38]} {[%emt 00:07:14]} Be2
{[%clk 00:26:34]} {[%emt 00:00:30]} 39. Bc4 {[%clk 00:04:53]} {[%emt 00:02:16]}
Qf2+ {[%clk 00:26:52]} {[%emt 00:00:11]} 40. Kh3 {[%clk 00:05:19]} {[%emt
00:00:04]} 0-1